Formulación del plan HACCP Agroindustriales Sáenz - Munguía AGROSAMSA

El HACCP (Hazard Análisis Critical Control Points) es un sistema de control con un enfoque preventivo, el que identificara los puntos en donde probablemente pueden aparecer los riesgos durante las diferentes etapas de la producción, se tiene la oportunidad de aplicar las medidas necesarias para ev...

Full description

Bibliographic Details
Main Authors: Rojas Rodríguez, Modesto E., Escobar Fonseca, Junior A.
Other Authors: Tutor: Eslaquit Aragón, Juan Miguel
Format: Tesis Section = Libro
Language:Undetermined
Spanish
Published: Managua UNI 2002
Subjects:
LEADER 01514nam a2200229Ia 4500
008 240830s9999 xx 000 0 und d
040 |a BIBLIOTECA-RUPAP Mon 664.07 R628 
041 |a spa 
082 |a Mon 664.07 R628 
100 1 |a Rojas Rodríguez, Modesto E. 
100 1 |b Escobar Fonseca, Junior A. 
245 1 0 |a Formulación del plan HACCP Agroindustriales Sáenz - Munguía AGROSAMSA 
260 |a Managua  |b UNI  |c 2002 
300 |a 199 p. :il. 
502 |a Tesis (Ingeniero Industrial)- UNI, 2002. 
520 3 |a El HACCP (Hazard Análisis Critical Control Points) es un sistema de control con un enfoque preventivo, el que identificara los puntos en donde probablemente pueden aparecer los riesgos durante las diferentes etapas de la producción, se tiene la oportunidad de aplicar las medidas necesarias para evitarlos o minimizarlos. En este trabajo se detalla paso a paso cada uno de los procedimientos que fue necesario seguir para la implantación de sistema HACCP en la planta AGROSAMSA, Los Brasiles. El trabajo incluye aspectos generales de la fábrica de alimentos, los alimentos, enfermedades transmitidas por los alimentos, sistema HACEP principios y su aplicación, manual de buenas prácticas de manufactura, procedimiento de limpieza, sanidad y un plan HACCP, matadero AGROSAMSA. 
650 7 |a ALIMENTOS - CONTROL DE CALIDAD 
650 7 |b MANUAL - BUENAS PRÁCTICAS DE MANUFACTURA 
700 1 |a Tutor:  |b Eslaquit Aragón, Juan Miguel 
942 |c BK  |2 ddc 
991 |a TESIS 
999 |c 17726